000 00543nam a22001457a 4500
082 _a625.76
_bREF
_cL-NUST, P-05
100 _aDegeimber R. (Edr)
_947394
245 _aReflective Cracking in pavements state of the art and design recommendations
_cR. (Edr) Degeimber
250 _a1st ed.
260 _aGreat Britain
_bE & FN Spons, an imprint of chapman & hall, 2-6 boundary row , london SEI 8HN
_c1993
300 _axvi,492p.:
_bill.;
_c24 cm.
526 _a0
_b0
_c0
_d625_760000000000000_REF
650 _aNUST / MCE
_926909
942 _2ddc
_cBK
999 _c550657
_d550657